Diseño de programa de capacitación en la Secretaría Departamental de Administración y Finanzas Públicas del Gobierno Autónomo Departamental de Oruro. (Registro nro. 16140)
[ vista simple ]
| 000 -LEADER | |
|---|---|
| campo de control de longitud fija | 01824nam a22002894aa4500 |
| 003 - IDENTIFICADOR DE NÚMERO DE CONTROL | |
| campo de control | BOFEUTO |
| 005 - FECHA Y HORA DE LA ÚLTIMA TRANSACCIÓN | |
| campo de control | 20260512114631.0 |
| 008 - DATOS DE LONGITUD FIJA--INFORMACIÓN GENERAL | |
| campo de control de longitud fija | 2025 t2025 bo gr 000 f spa d |
| 040 ## - FUENTE DE CATALOGACIÓN | |
| Enlace | BOFEUTO |
| Centro catalogador/agencia de origen | BOFEUTO |
| Centro/agencia transcriptor | BOFEUTO |
| 041 ## - CÓDIGO DE IDIOMA | |
| Código de lengua del texto/banda sonora o título independiente | spa |
| 044 ## - CÓDIGO DEL PAÍS DE LA ENTIDAD EDITORA/PRODUCTORA | |
| Código MARC del país | bo |
| 082 ## - NÚMERO DE LA CLASIFICACIÓN DECIMAL DEWEY | |
| Número de clasificación | TE6289 |
| Número de ítem | F628 |
| 100 ## - ENTRADA PRINCIPAL--NOMBRE DE PERSONA | |
| Nombre de persona | Flores Jorge, Zaida |
| Término indicativo de función/relación | autor |
| 245 ## - MENCIÓN DEL TÍTULO | |
| Título | Diseño de programa de capacitación en la Secretaría Departamental de Administración y Finanzas Públicas del Gobierno Autónomo Departamental de Oruro. |
| Mención de responsabilidad, etc. | Zaida Flores Jorge ; autor |
| 260 ## - PUBLICACIÓN, DISTRIBUCIÓN, ETC. | |
| Lugar de publicación, distribución, etc. | Oruro : |
| Nombre del editor, distribuidor, etc. | s/n ; |
| Fecha de publicación, distribución, etc. | 2025 . |
| 300 ## - DESCRIPCIÓN FÍSICA | |
| Extensión | 156 hojas : |
| Otras características físicas | ilus, gráf. ; |
| Dimensiones | 28.5 cm . |
| 500 ## - NOTA GENERAL | |
| Nota general | Incluye bibliografía, anexos. |
| 502 ## - NOTA DE TESIS | |
| Nota de tesis | Tesis Dirigida, (Licenciatura) -- Universidad Técnica de Oruro, Facultad de Ciencias Económicas, Financieras y Administrativas, Carrera Administración de Empresas, 2025. |
| 520 ## - RESUMEN, ETC. | |
| Sumario, etc. | El presente trabajo tuvo como finalidad el diseño de un Programa de Capacitación para la Secretaría Departamental de Administración y Finanzas Públicas del Gobierno Autónomo Departamental de Oruro. Es una primera etapa se realización la necedades de capacitación, lo que permitió identificar las principales brechas de conocimientos y habilidades del personal en relación con sus funciones y responsabilidades. A partir de este diagnóstico, se formulo el programa de capacitación, posteriormente, se ejecutaron las actividades, lo que facilito la comprensión y asimilación de los contenidos por parte de os participantes. Finalmente, se desarrolló la evaluación de la capacitación, considerando el desempeño de los instructores. |
| 650 ## - PUNTO DE ACCESO ADICIONAL DE MATERIA--TÉRMINO DE MATERIA | |
| Término de materia o nombre geográfico como elemento de entrada | Programa de Capacitación |
| 653 ## - TÉRMINO DE INDIZACIÓN--NO CONTROLADO | |
| Término no controlado | Diseño |
| 653 ## - TÉRMINO DE INDIZACIÓN--NO CONTROLADO | |
| Término no controlado | Programa |
| 653 ## - TÉRMINO DE INDIZACIÓN--NO CONTROLADO | |
| Término no controlado | Capacitación |
| 653 ## - TÉRMINO DE INDIZACIÓN--NO CONTROLADO | |
| Término no controlado | Sistemas |
| 700 ## - ENTRADA AGREGADA--NOMBRE PERSONAL | |
| Nombre de persona | Ramirez Choque, Jenny |
| Término indicativo de función/relación | tutor |
| 942 ## - ELEMENTOS DE ENTRADA SECUNDARIOS (KOHA) | |
| Fuente del sistema de clasificación o colocación | Clasificación Decimal Dewey |
| Tipo de ítem Koha | Tesis |
| Suprimir en OPAC | No |
| Estatus retirado | Estado de pérdida | Fuente del sistema de clasificación o colocación | Estado de daño | No para préstamo | Biblioteca de origen | Biblioteca actual | Fecha de adquisición | Número de inventario | Total de préstamos | Signatura topográfica completa | Código de barras | Visto por última vez | Copia número | Precio de reemplazo | Tipo de ítem Koha |
|---|---|---|---|---|---|---|---|---|---|---|---|---|---|---|---|
| No dañado | Disponible | Clasificación Decimal Dewey | No Dañado | Disponible | Biblioteca Central | Biblioteca Central | 04/05/2026 | 6289 | TE6289/F628 | TE6289 | 12/05/2026 | Ej.1 | 12/05/2026 | Tesis |